000
00261nam a2200109Ia 4500
008
190216s9999||||xx |||||||||||||| ||und||
100
_a
Ppk
245
0
_a
Malayalam-Micle Farade
260
_b
Kerala Sasthra Sahithya Parishad
650
_a
Malayalam
942
_c
BK
999
_c
25497
_d
25497